| 000 | 00644nam a22001697a 4500 | ||
|---|---|---|---|
| 003 | OSt | ||
| 005 | 20171010095441.0 | ||
| 008 | 120608t xxu||||| |||| 00| 0 eng d | ||
| 040 |
_aMMSU _cULS |
||
| 100 |
_aBallesteros, Cristeta R. _910122 |
||
| 245 |
_aPhytoremediation potential of swamp cabbage (Ipomea aquatica) on waste water of cornick production in Paoay, Ilocos Norte _cCristeta R. Ballesteros |
||
| 260 | _c2007 | ||
| 300 |
_axiii, 57 leaves _c28 cm. |
||
| 500 | _aThesis (BS Environmental Science) -- Mariano Marcos State University-College of Arts and Sciences, Batac City | ||
| 504 | _aBibliography: leaf 43 | ||
| 942 |
_2ddc _cTHEDIS |
||
| 999 |
_c9550 _d9550 |
||